Países da Oceania em 1 minuto - Statistics

Estatísticas Gerais
  • Esse quiz foi jogado 120 vezes
  • A pontuação média é 13 de 14
Respostas no mapa
Respostas codificadas por cores de uma escala verde-vermelha no mapa do quiz de acordo com a % correta abaixo.
 
Estatísticas das Respostas
País % Correto
Austrália
100%
Papua Nova Guiné
99%
Nova Zelândia
94%
Tuvalu
91%
Vanuatu
91%
Fiji
90%
Ilhas Marshall
90%
Kiribati
90%
Ilhas Salomão
88%
Palau
88%
Nauru
84%
Samoa
84%
Tonga
84%
Estados Federados da Micronésia
83%
Nenhum quiz correspondente encontrado
Distribuição das Pontuações
Porcentagem de Pessoas com Cada Pontuação
Percentil de Números Respondidos
Sua Pontuação Histórica
Você não jogou esse quiz